Lataif Ajibiya (Record no. 8801)

MARC details
000 -LEADER
fixed length control field 00577nam a2200241 a 4500
020 ## - INTERNATIONAL STANDARD BOOK NUMBER
ISBN
082 00 - DEWEY DECIMAL CLASSIFICATION NUMBER
Classification number 891.4397
Author Cutter AHM
100 ## - MAIN ENTRY--AUTHOR NAME
Author name Ahmad, Basheeruddin
245 ## - TITLE STATEMENT
Title Lataif Ajibiya
260 ## - PUBLICATION, DISTRIBUTION, ETC. (IMPRINT)
Place of publication Delhi
Name of publisher Lithu Press
Year of publication 1925
300 ## - PHYSICAL DESCRIPTION
Number of Pages 188p
500 ## - GENERAL NOTE
General note includes index and biblioraphy
505 2# - FORMATTED CONTENTS NOTE
Formatted contents note Part 1 and 2
650 ## - SUBJECT ADDED ENTRY--TOPICAL TERM
Topical Term Urdu-Literature-humour
942 ## - ADDED ENTRY ELEMENTS (KOHA)
Koha item type Books
700 1# -
-- Ahmad, Basheeruddin
Holdings
Collection code Home library Current library Date acquired Cost, normal purchase price Full call number Accession Number Koha item type
  Henry Martyn Institute Library Henry Martyn Institute Library 02/15/2008 100.00 891.4397 AHM 011865 Books
                   Copyright © 2026 | Henry Martyn Institute | Hyderabad | TS-500052 | INDIA | Implemented by hmi.edu.in
Hit-Count:

Powered by Koha